00388nam a2200121Ia 4500008004100000245012700041260001700168260000900185300000800194650002300202650001200225856002900237170516s9999 xx 000 0 und d aPre-vascularization Enhances Therapeutic Effects of Human Mesenchymal Stem Cell Sheets in Full Thickness Skin Wound Repair bTheranostics c2017 a7:1 xMedical Technology xMedtech uhttp://www.thno.org/v7i1